| 000 | 00569nam a2200205 i 4500 | ||
|---|---|---|---|
| 001 | 150575 | ||
| 003 | ES-MaACL | ||
| 005 | 20230906203559.0 | ||
| 007 | t| | ||
| 008 | 071031s1952 sp ||||1| spa d | ||
| 100 | 1 |
_aValmiki. _9112975 |
|
| 245 | 1 | 3 |
_aEl Ramayana / _cde Valmiki ; traducción de Juan G. Luaces. |
| 260 |
_aBarcelona : _bJosé Janés, _c1952. |
||
| 300 |
_a2 v. ; _c21 cm. |
||
| 490 | 1 | _aEl Mensaje | |
| 700 | 1 |
_aLuaces, Juan G. de. _974483 |
|
| 830 | 0 |
_aEl Mensaje _9183903 |
|
| 852 |
_aES-MaACL _jD-8762-63 _bR.34121 |
||
| 999 |
_c150575 _d150575 |
||